000 00690nam a2200289Ia 4500
005 20251020182505.0
008 200515s9999 xx 000 0 und d
020 _a968-24-5470-0
082 _a628.034.1/B83
100 _aBriones Sánchez, Gregorio
100 _aGarcía Casillas, Ignacio
245 0 _aAforo en el agua : en canales y tuberías
250 _a2a ed.
260 _aMéxico, D.F.
260 _bTrillas ; UAAAN
260 _c1997
300 _a92 p.
300 _bil., tbl., graf.
500 _a1 ejemplar
650 _aAGUA
650 _aCANALES
650 _aCORRIENTES
650 _aMEDICION
650 _aTUBERIAS
942 _cLIB
999 _c1265
_d1265